00793cam a22002292 4500001001100000005001700011008004100028020001600069040001500085100003200100245009900132250001300231260004500244300001600289650006000305650004100365852001400406908001100420950000600431999001500437952011100452000001203020151217152106.0090126s xx 000 0 eng d a185359990 : aKABUcKABU1 aRisager, Karen.@000016820810aLanguage and culture pedagogy :bfrom a national to a transnational paradigm /cKaren Risager. a1st ed. aClevedon :bMultilingual Matters,c2007. axi, 270 p. 0aLanguage and languagesxStudy and teaching.@0000151974 0aMulticultural education.@00000142201 9p3050 KES a090126 @1 c8156d8156 00102lcc70aKABUbKABUd2015-12-17l0oP53.45 .R57 2007 c. 1p16261r2015-12-17 00:00:00w2015-12-17yBK